Cure and mechanical behavior of rubber compounds containing ground vulcanizates. Part II - Mooney viscosity (Record no. 56616)

MARC details
000 -LEADER
fixed length control field 00565nam a2200193Ia 4500
100 ## - MAIN ENTRY--AUTHOR NAME
Personal name Gibala D
245 #0 - TITLE STATEMENT
Title Cure and mechanical behavior of rubber compounds containing ground vulcanizates. Part II - Mooney viscosity
260 ## - PUBLICATION, DISTRIBUTION, ETC. (IMPRINT)
Name of publisher Rubber Chemistry and Technology
Year of publication 1996
300 ## - PHYSICAL DESCRIPTION
Number of Pages 115-119
650 ## - SUBJECT ADDED ENTRY--TOPICAL TERM
Topical Term Curing
650 ## - SUBJECT ADDED ENTRY--TOPICAL TERM
Topical Term Ground vulcanizates
650 ## - SUBJECT ADDED ENTRY--TOPICAL TERM
Topical Term Mooney viscosity
650 ## - SUBJECT ADDED ENTRY--TOPICAL TERM
Topical Term Rubber compounds
700 ## - ADDED ENTRY--PERSONAL NAME
Personal name Hamed G R
700 ## - ADDED ENTRY--PERSONAL NAME
Personal name Laohapisitpanich K
700 ## - ADDED ENTRY--PERSONAL NAME
Personal name Thomas D
942 ## - ADDED ENTRY ELEMENTS (KOHA)
Koha item type Journals
Holdings
Withdrawn status Lost status Damaged status Not for loan Home library Current library Shelving location Date acquired Serial Enumeration / chronology Koha item type
      Journals RRII Library RRII Library Rubber chemistry 17/12/2021 Volume 69, Issue 1 Journals